000 00732nam a2200205 a 4500
001 000023486
005 20200930022243.0
008 101209s1978 fr r 000 f eng d
040 _aDO-SdBNP
_bspa
_cBNPHU
082 _a843.8
_bM126m
100 1 _aMaupassant, Guy de,
_d1850-1893.
_913633
245 1 0 _aLa main gauche /
_cGuy de Maupassant ; chronologie, introduction et archives de l'oeuvre par Roger Bismut.
260 _aParis :
_bGarnier-Flammarion,
_c1978.
300 _a244, [4] p. ;
_c18 cm.
500 _aIncluye referencias bibliográficas y notas al pie de la páginas
650 4 _aNovela francesa
_91075
650 4 _aLiteratura francesa
_ySIGLO XIX
_95031
700 1 _aBismut, Roger
_eintrod.
_948391
049 _aBNGR
999 _c22982
_d22982